Libro de sucesiones : marco normativo y jurisprudencial de las sucesiones en Colombia : un estudio y actualización de la sucesión testada, intestada y mixta /

Bibliographic Details
Main Author: Jaimes Fernández, Doris Eliana (Author)
Format: Electronic eBook
Language:Spanish
Published: Pamplona, Norte de Santander, Colombia : Sello Editorial Unipamplona, 2023.
Series:Colección Ciencias sociales y humanas (Universidad de Pamplona)
Subjects:
Online Access:Digitalia Hispánica

MARC

LEADER 00000nam a2200000 i 4500
001 DIGUPAMP0024
003 NyNyDIG
007 cr |||||||||||
008 240201s2023 ck ob 000 0 spa d
006 m o d
035 |a (OCoLC)1422054964 
040 |a DGITA  |b eng  |e rda  |e pn  |c DGITA 
020 |z 9786289573121 
043 |a s-ck--- 
050 1 4 |a KHH670 ebook 
100 1 |a Jaimes Fernández, Doris Eliana,  |e author. 
245 1 0 |a Libro de sucesiones :  |b marco normativo y jurisprudencial de las sucesiones en Colombia : un estudio y actualización de la sucesión testada, intestada y mixta /  |c Doris Eliana Jaimes Fernández. 
264 1 |a Pamplona, Norte de Santander, Colombia :  |b Sello Editorial Unipamplona,  |c 2023. 
300 |a 1 online resource. 
336 |a text  |b txt  |2 rdacontent 
337 |a computer  |b c  |2 rdamedia 
338 |a online resource  |b cr  |2 rdacarrier 
347 |a text file  |2 rdaft 
347 |b PDF 
490 1 |a Colección Ciencias sociales y humanas 
504 |a Includes bibliographical references. 
588 0 |a Online resource; title from PDF title page (Digitalia, viewed February 1, 2024) 
650 0 |a Inheritance and succession  |z Colombia. 
650 0 |a Wills  |z Colombia. 
791 2 |a Digitalia (Firm),  |e distributor. 
793 0 |g Digitalia eBook Collection:  |a Universidad de Pamplona 
776 0 8 |i Print version:  |a Jaimes Fernández, Doris Eliana.  |t Libro de sucesiones.  |b Primera edición.  |d Pamplona, Norte de Santander, Colombia : Sello Editorial Unipamplona, [2023]  |z 9786289573121 
830 0 |a Colección Ciencias sociales y humanas (Universidad de Pamplona) 
856 4 0 |3 Digitalia Hispánica  |u https://www.digitaliapublishing.com/a/131116/ 
910 |a Premium collection: 2024